000 00321nam a22001337a 4500
003 SGT
020 _a978-1-84872-242-2
082 _a616.855
_bL14S
100 _aSCHWARTZ, STEVEN
245 _aLANGUAGE AND COGNITION IN SCHIZOPHRENIA
260 _aNEW YORK
_bPSYCHOLOGY PRESS
_c2014
300 _a288
942 _2ddc
_cBK
999 _c15445
_d15445